The Church in an age of revolution: (Record no. 41984)
[ view plain ]
| 000 -LEADER | |
|---|---|
| fixed length control field | 00786cam a2200265 4500 |
| 001 - CONTROL NUMBER | |
| control field | 1337514 |
| 005 - DATE AND TIME OF LATEST TRANSACTION | |
| control field | 20180509140223.0 |
| 008 - FIXED-LENGTH DATA ELEMENTS--GENERAL INFORMATION | |
| fixed length control field | 710526s1971 enk b 001 0 eng |
| 010 ## - LIBRARY OF CONGRESS CONTROL NUMBER | |
| LC control number | 79024234 |
| 015 ## - NATIONAL BIBLIOGRAPHY NUMBER | |
| National bibliography number | B*** |
| 020 ## - INTERNATIONAL STANDARD BOOK NUMBER | |
| International Standard Book Number | 0140205063 |
| 040 ## - CATALOGING SOURCE | |
| Original cataloging agency | DLC |
| Transcribing agency | DLC |
| Modifying agency | DLC |
| 100 1# - MAIN ENTRY--PERSONAL NAME | |
| Personal name | Vidler, Alexander Roper, |
| Dates associated with a name | 1899-1991. |
| 245 14 - TITLE STATEMENT | |
| Title | The Church in an age of revolution: |
| Remainder of title | 1789 to the present day |
| Statement of responsibility, etc | [by] Alec R. Vidler. |
| 260 ## - PUBLICATION, DISTRIBUTION, ETC. (IMPRINT) | |
| Place of publication, distribution, etc | Harmondsworth, Eng. |
| Name of publisher, distributor, etc | Penguin Books |
| Date of publication, distribution, etc | c1971. |
| 300 ## - PHYSICAL DESCRIPTION | |
| Extent | 302 p. |
| Dimensions | 18 cm. |
| 336 ## - CONTENT TYPE | |
| Content Type Term | text |
| 337 ## - MEDIA TYPE | |
| Media Type Term | unmediated |
| 338 ## - CARRIER TYPE | |
| Carrier Type Term | volume |
| 490 0# - SERIES STATEMENT | |
| Series statement | Pelican history of the church, v. 5 |
| 490 0# - SERIES STATEMENT | |
| Series statement | Pelican books, A506 |
| 504 ## - BIBLIOGRAPHY, ETC. NOTE | |
| Bibliography, etc | Bibliography: p. [287]-293. |
| 650 #0 - SUBJECT ADDED ENTRY--TOPICAL TERM | |
| Topical term or geographic name as entry element | Church history |
| Chronological subdivision | Modern period, 1500- |
| 942 ## - ADDED ENTRY ELEMENTS (KOHA) | |
| Source of classification or shelving scheme | Library of Congress Classification |
| Item type | Books |
No items available.
